Estudio de la variación espacial y temporal de los ciliados mixótrofos en dos áreas del estuario de Bahía Blanca /

Guardado en:
Autor Principal: López Morales, María Florencia.
Autor Corporativo: Universidad Nacional del Sur. Departamento de Biología, Bioquímica y Farmacia.
Otros Autores: Pettigrosso, Rosa Elsa, (dir. de tesina.)
Formato: Manuscrito
Idioma:Spanish
Publicado: 2013.
Materias:
Etiquetas: Agregar Etiqueta
Sin Etiquetas, Sea el primero en etiquetar este registro!
LEADER 01145ntm a22002535a 4500
001 EUN.eunm004679
005 20130529090628.0
008 130524s2013####ag#a#####b####000#0#spa#d
082 0 4 |a 593.17  |2 15 
100 1 |a López Morales, María Florencia. 
245 1 0 |a Estudio de la variación espacial y temporal de los ciliados mixótrofos en dos áreas del estuario de Bahía Blanca /  |c alumna: María Florencia López Morales ; directora: Rosa E. Pettigrosso. 
260 |c 2013. 
300 |a 41 h. :  |b il. col. ;  |c 30 cm. 
500 |a "Tesina para otener la Licenciatura en Ciencias Biológicas". 
502 |a Tesina (licenciatura)--Universidad Nacional del Sur. Departamento de Biología, Bioquímica y Farmacia, 2013. 
504 |a Incluye referencias bibliográficas. 
650 7 |a Zoología.  |2 unbist 
650 7 |a Ciliophora.  |2 Icyt 
650 7 |a Estuarios  |2 unbist 
651 0 |a Bahía Blanca (Argentina) 
653 |a Tesinas 
700 1 |a Pettigrosso, Rosa Elsa,  |e dir. de tesina. 
710 2 |a Universidad Nacional del Sur.  |b Departamento de Biología, Bioquímica y Farmacia. 
859 |a AR-BaUNS  |b BIB. CENTRAL - Sector A  |h 593.17  |i L881  |p 123696/013